000 00409nam a2200157 i 4500
001 25980
003 ES-MaACL
005 20230906153350.0
007 t|
008 030107s1965 sp ||||1| spa d
245 0 0 _aArte comercial español y sus creadores.
250 _a[1ª ed.].
260 _aMadrid :
_bPrag,
_c[1965]
300 _aVIII, 264 p. :
_bil. ;
_c31 cm.
852 _aES-MaACL
_jC-29015
_bR.58392
999 _c25980
_d25980